000 00498nam a2200169 a 4500
001 000035429
005 20200930074333.0
008 111031s1945 ag 000 0 spa d
040 _aDO-SdBNP
_bspa
_cBNPHU
082 _axxxx
_bxxxx
100 1 _aVera, Francisco
_957203
245 1 0 _aEvolución del pensamiento cientifíco /
_cFrancisco Vera.
260 _aBuenos Aires, :
_bSudamericana,
_c1945.
300 _a176 p. :
_b21 cm.
490 1 _aCiencia y cultura
830 0 _aCiencia y cultura
_961264
999 _c34920
_d34920